000 01156nam a2200265 a 4500
001 000021839
003 DO-SdBNP
005 20250618123357.0
008 100913s1975 sp c 000 0 spa d
040 _aDO-SdBNP
_bspa
_cBNPHU
082 _a972.93053
_bM379d, 1975
100 1 _aMartín, John Bartlow,
_d1915-1987
_945352
240 1 0 _aOvertaken by events
_lEspañol
245 1 3 _aEl destino dominicano :
_bla crisis dominicana desde la caida de Trujillo hasta la guerra civil /
_cJohn Bartlow Martín ; traducción Víctor García Díez, J. Federico Martín.
260 _aSanto Domingo :
_bEditora de Santo Domingo,
_c1975.
300 _a750 p. :
_bretrs. ;
_c24 cm.
651 4 _aRepública Dominicana
_xHistoria
_yGolpe de Estado, 1963
_934712
651 4 _aRepúbica Dominicana
_xHistoria
_yRevolución, 1965-
_945353
651 4 _aRepública Dominicana
_xRelaciones exteriores
_zEstados Unidos
_96308
651 4 _aEstados Unidos
_xRelaciones Exteriores
_zRepública Dominicana
_96309
700 1 _aGarcía Díez, Víctor,
_etr.
_945354
700 1 _aMartín, Federico J.
_etr.
_945355
910 _aValidado. Control de calidad MFF
942 _2ddc
_cLBS1
999 _c21337
_d21337